| 000 | 01043nam a22003137a 4500 | ||
|---|---|---|---|
| 003 | CHAP | ||
| 005 | 20220329135207.0 | ||
| 008 | 971013s1985 us a r 00010 eng d | ||
| 010 | _a32401 | ||
| 011 | _a33373 | ||
| 035 | _a37488 | ||
| 040 | _cCHAP | ||
| 082 | 0 | 4 |
_a631.544 _bM3 1985 |
| 100 | 0 | 0 |
_aMastalerz, John W. _972842 |
| 245 | 1 |
_aBedding plants III _b: a manual on the culture of bedding plants as greenhouse crop |
|
| 260 |
_aPennsylvania : _bPennsylvania Flower Growers, _c1985 |
||
| 300 |
_a560 p. _b: ilus |
||
| 590 |
_aBATCH-UPD _b10 _c20130110 _lUCH01 _h1506 |
||
| 590 |
_aBATCH-UPD _b10 _c20130410 _lUCH01 _h0925 |
||
| 590 |
_aBATCH-UPD _b10 _c20130914 _lUCH01 _h1128 |
||
| 590 |
_aCONVERSION _b10 _c20130109 _lUCH01 _h1318 |
||
| 650 | 1 | 4 |
_aCultivos en invernadero. _930376 |
| 650 | 1 | 4 |
_aFloricultura. _941822 |
| 650 | 1 | 4 |
_aPropagación de plantas. _992417 |
| 700 | 0 |
_aHolcomb, E. Jay. _955903 |
|
| 901 | _aBK | ||
| 942 | _cLIBRO | ||
| 949 |
_a631.544 M3 1985 _bBC _cLIBRO _d33724000920278 _eLIBRO _gI.132591 _h69389 _i37488 _mD _si _t12.74 |
||
| 999 |
_c32401 _d32401 |
||